| 000 | 01186nam a2200241Ii 4500 | ||
|---|---|---|---|
| 003 | JO-AjNU | ||
| 005 | 20240406130941.0 | ||
| 008 | 230605s9999||||xx |||||||||||||| ||und|| | ||
| 040 |
_aJO-AjNU _cJO-AjNU |
||
| 041 | _aara | ||
| 050 |
_aHG4235.25 _b2007 |
||
| 100 | 1 |
_aأبو عكاز، شادي تيسير _964741 _eمعد |
|
| 245 | 1 |
_aاستخدام النسب المالية للتنبؤ بتعثر شركات الوساطة المالية الأردنية : (دراسة تطبيقية) =
/ Using Financial Ratios to Predict Financial Distress of Jordanian Brokerage Firms _c اعداد شادي تيسير أبو عكاز ؛ اشراف منذر طلال مومني |
|
| 260 | _c2007 | ||
| 300 | _a112 ورقه | ||
| 336 |
_atext _btxt _2rdacontent |
||
| 337 |
_aunmediated _bn _2rdamedia |
||
| 338 |
_avolume _bnc _2rdacarrier |
||
| 504 | _aرسالة جامعية(ماجستير).- جامعة اليرموك (إربد، الأردن) ، كليةالإقتصاد والعلوم الإدارية، قسم المحاسبة، 2007 | ||
| 650 |
_vالشركات-محاسبة-الأردن _964715 |
||
| 700 | 1 |
_aمومني، منذر طلال _964815 _eمشرف |
|
| 942 |
_2lcc _cTHS |
||
| 999 |
_c33050 _d33050 |
||